| 000 | 01023nam a2200301 a 4500 | ||
|---|---|---|---|
| 001 | 3018278 | ||
| 003 | OSt | ||
| 005 | 20140310182045.0 | ||
| 008 | 941007t19941998akua b 001 0 eng d | ||
| 010 | _a 94079857 | ||
| 020 | _a0890512027 | ||
| 035 | _a(OCoLC)31897814 | ||
| 040 |
_aCSuvM _cCSuvM _dDLC |
||
| 042 | _alccopycat | ||
| 050 | 0 | 0 |
_aBS 651 _b.H795 1994 |
| 082 | 0 | 0 |
_aHS 231.7 _bH888 1994 |
| 100 | 1 |
_aHumphreys, D. Russell. _911538 |
|
| 245 | 1 | 0 |
_aStarlight and time : _bsolving the puzzle of distant starlight in a young universe / _cD. Russell Humphreys. |
| 260 |
_aGreen Forest, AR : _bMaster Books, _cc1994. _g(1998 printing) |
||
| 300 |
_a137 p. : _bill. ; _c21 cm. |
||
| 500 | _aIncludes bibliographical references and index. | ||
| 650 | 0 |
_aCreationism. _911539 |
|
| 650 | 0 |
_aLight _xSpeed. _911540 |
|
| 906 |
_a7 _bcbc _ccopycat _d1 _eopcn _f19 _gy-gencatlg |
||
| 942 |
_2lcc _cHS |
||
| 999 |
_c8862 _d8862 |
||